000 00608nam a2200241Ia 4500
001 27621
005 20240114001011.0
007 ta
008 060526s1895 g b000 u 465 u
040 _aCotton College,Assam
041 _a465
082 _a827
_bW 149 J
100 _aWalford, Edward .
245 0 _aJuvenal /
_cEdward Walford.
_hTextual Documents
250 _a1st ed. /
260 _aLondon :
_bWillam Blackwood & Sons ,
_c1895.
300 _a169p. ;
_c17cm.
653 _aEnglish Satire
653 _aG-English
942 _2ddc
_cBK
999 _c27603
_d27603